000 00872cab a2200253 4500
001 ABS49494
008 090401t1993 xxu||||| |||| 00| 0 eng d
035 _a(Sirsi) u71575
041 _aeng
100 _aPryke, M.
245 4 _aThe provision of private finance for social housing
260 _c1993
350 _a0
490 _aHousing Studies
_v8(4) October 1993, 274-291(17)
520 _aDiscusses the success of the integration of social housing and private finance fromthe perspective of the financial institutions. Outlines the main uses for private funds and the types of finance available to housing associations.
650 _aHOUSING ASSOCIATIONS
650 _aINSTITUTIONAL INVESTMENT
650 _aPRIVATE FINANCE
650 _aSOCIAL HOUSING
690 _aHOUSING-FINANCE
700 _aWhitehead, C.
942 _n0
948 _c04/03/1997
999 _c45145
_d45145